00518 2200193 4500001002100000005001700021008004100038020001800079035002400097082001200121090002400133100001500157245003900172250001100211260003100222300003200253650001900285999002000304YOGYA-0311000000041620161017114206.0 ind  a979-672-510-x 0010-031100000000416 a646.404 a646.404bPus AlDEP aPUSPO, Gut aAneka celana: (pants)bGoet Poespo aCet. 1 aYogyakartabKanisiusc2000 aviib66 hlmcilusd22x21 cm aPakaian Wanita aCB-D.11 2000-31